| 000 | 01315nad a2200373 a 4500 | ||
|---|---|---|---|
| 001 | MIU01000000000000003865558 | ||
| 003 | MiU | ||
| 005 | 20231010141016.0 | ||
| 007 | cr mnummmmuuuu | ||
| 008 | 031027s1997 enk sb 001 0 eng d | ||
| 010 | _z96043871 | ||
| 020 | _z0198174187 | ||
| 024 | 7 |
_a2027/heb01283 _2hdl |
|
| 040 |
_aMiU _cMiU |
||
| 090 |
_aDG737.55 _b(INTERNET) |
||
| 100 | 1 |
_aRubinstein, Nicolai. _934380 |
|
| 245 | 1 | 4 |
_aThe government of Florence under the Medici (1434 to 1494) _h[electronic resource] / _cby Nicolai Rubinstein. |
| 250 | _a2nd ed. | ||
| 300 |
_axvi, 406 p. ; _c24 cm. |
||
| 504 | _aIncludes bibliographical references and index. | ||
| 651 | 0 |
_aFlorence (Italy) _xPolitics and government _y1421-1737. _934381 |
|
| 600 | 3 | 0 |
_aMedici, House of. _934382 |
| 830 | 0 |
_aACLS Humanities E-Book. _934383 |
|
| 856 | 4 | 0 |
_zVolltext _uhttps://hdl.handle.net/2027/heb01283 |
| 942 | _cEB | ||
| 500 | _aE-Book-ACLS / Zugriff nur im DHI-Lesesaal | ||
| 336 |
_2rdacontent _btxt _aText |
||
| 337 |
_2rdamedia _bbc _aComputermedien |
||
| 338 |
_2rdacarrier _bcr _aOnline Ressource |
||
| 264 |
_aOxford [England] : _bClarendon Press ; _c1997. |
||
| 490 | _aOxford-Warburg studies | ||
| 041 | _aeng | ||
| 500 | _aAmerican Council of Learned Societies/ https://www.humanitiesebook.org/about/ | ||
| 999 |
_c64733 _d64733 |
||